000 00323nam a22001337a 4500
008 170526b xxu||||| |||| 00| 0 eng d
020 _a9780070266841
041 _aeng
080 _a621.38
100 _a27
101 _aIM
245 _aELECTRONIC PACKAGING AND INTERCONNECTION HANDBOOK
_cHARPER, CH.A
942 _2udc
_cBK
999 _c14549
_d14549